000 01544cam a2200157 4500500
005 20260329031943.0
041 _afre
042 _adc
100 1 0 _aTexier-Rideau, Géraldine
_eauthor
700 1 0 _aRobin, David
_eauthor
700 1 0 _aFlamand, Amélie
_eauthor
245 0 0 _aFaire métropole par les sols habités : Trajectoire clermontoise : vers une stratégie foncière
260 _bAutrement,
_c2025.
520 _aEn 2018, Clermont-Ferrand devient la ville-mère d’une aire métropolitaine à 21 communes. Son projet territorial s’inscrit dans le temps long, là où des transactions se sont nouées à ses marges et avec son hinterland. Ses sols, à la fois ressources convoitées et milieux fragiles, supports d’attachement tant mémoriels que sensibles, livrent de riches enseignements et révèlent des potentiels d’action. Cet ouvrage, qui s’appuie sur un échantillonnage de sols habités – protégés, malmenés et cultivés –, entend rendre compte de la manière dont la métropole construit sa trajectoire pour changer le regard sur la diversité des paysages métropolitains et faire émerger un territoire public, supports de nouveaux imaginaires.Les cahiers POPSU rassemblent les connaissances produites au fil des travaux de recherche-action menés par la Plateforme d’observation des projets et stratégies urbaines (POPSU) dans le cadre du programme «Métropoles».
856 4 1 _uhttps://shs.cairn.info/faire-metropole-par-les-sols-habites--9782080489654?lang=fr&redirect-ssocas=7080
999 _c1950597
_d1950597